000 01126nam a2200241Ia 4500
001 16161
003 GE_BSU
008 181216s||||||||xx |||||||||||||| ||und||
040 _cGE_BSU
080 _a81’1+94(063)+39
100 _aჰუმანიტარულ მეცნ. ფაკ-ტი. ქართველოლოგიის ცენტრი
245 _aბათუმის შ. რუსთაველის სახ-ფო უნივერსიტეტი. კრებული 9
245 _cსარედ.კოლ.მ.ფაღავა. თ.შიოშვილი.შ.მამულაძე და სხვ.
260 _aბათუმი
260 _bბსუ
300 _a265გვ.27სმ.
541 _h12ლ.493
653 _aბათუმის შ. რუსთაველის სახ-ფო უნივერსიტეტი
653 _aენათმეცნიერება, ფოლკლორი,ეთნოგრაფია, ისტორია
653 _aკრებული
653 _aშრომები
942 _cBK
999 _c49247
_d49247